书目信息 |
| 题名: |
雅典政制
|
|
| 作者: | 亚里士多德 , 力野 著 | |
| 分册: | ||
| 出版信息: | 北京 商务印书馆 1959.09 |
|
| 页数: | 74页 | |
| 开本: | 32开 | |
| 丛书名: | ||
| 单 册: | ||
| 中图分类: | D754.521 | |
| 科图分类: | ||
| 主题词: | 政治 | |
| 电子资源: | ||
| ISBN: | 7-100-02765-9 | |
| 000 | 00603nam0 2200205 45 | |
| 001 | 0009191037 | |
| 005 | 20000919101122.4 | |
| 010 | @a7-100-02765-9@d6.10元 | |
| 100 | @a20000919d1959 km y0chiy0120 ea | |
| 101 | 0 | @achi |
| 105 | @a z 000yy | |
| 200 | 1 | @a雅典政制@AYa Dian Zheng Zhi@f(古希腊)亚里士多德著;日知,力野译@F(Gu Xi La)Ya Li Shi Duo De Zhu;Ri Zhi,Li Ye Yi |
| 210 | @a北京@c商务印书馆@d1959.09 | |
| 215 | @a74页@d32开 | |
| 606 | 0 | @a政治 |
| 690 | @aD754.521@v3 | |
| 701 | 0 | @a亚里士多德@4著 |
| 701 | 0 | @a力野@4译 |
| 801 | @aCN@bPftUser@c20000919 | |
| 905 | @b148229-231@dD754.521@eY787@f3 | |
| 雅典政制/(古希腊)亚里士多德著;日知,力野译.-北京:商务印书馆,1959.09 |
| 74页;32开 |
| ISBN 7-100-02765-9:6.10元 |
| ● |
| 相关链接 |
|
|
|
正题名:雅典政制
索取号:D754.521/Y787
 
预约/预借
| 序号 | 登录号 | 条形码 | 馆藏地/架位号 | 状态 | 备注 |
| 1 | 148229 | 201482298 | 社科库509/509社科库 78排1列3层/ [索取号:D754.521/Y787] | 在馆 | |
| 2 | 148230 | 201482305 | 社科库509/509社科库 78排1列3层/ [索取号:D754.521/Y787] | 在馆 | |
| 3 | 148231 | 201482314 | 社科库509/509社科库 78排1列3层/ [索取号:D754.521/Y787] | 在馆 |